000 00472nam a2200145 a 4500
001 000032992
005 20200930065947.0
008 110805s1926 dr 000 0 spa d
040 _aDO-SdBNP
_bspa
_cBNPHU
100 1 _aGarcíay García, Fed.
_958715
245 1 0 _aContabilidad municipal y funcionamiento legal de los ayuntamientos. /
_cFed. García y García.
260 _aSanto Domingo :
_bImp. La Cuna de América,
_c1926.
300 _a26 p. ;
_c24 cm.
049 _aBNPD
999 _c32483
_d32483